ბათუმის შოთა რუსთაველის სახელმწიფო უნივერსიტეტის ბიბლიოთეკა

Заимствование и адаптирование поэтической лексики(на материале русских поэтических произведении и переводов грузинской поэзии XX века) / (ბიბ.ჩანაწერი № 36418)

000 -LEADER
fixed length control field 01105nam a2200229Ia 4500
001 - CONTROL NUMBER
control field 2332
003 - CONTROL NUMBER IDENTIFIER
control field GE_BSU
005 - DATE AND TIME OF LATEST TRANSACTION
control field 20221025103146.0
008 - FIXED-LENGTH DATA ELEMENTS--GENERAL INFORMATION
fixed length control field 181216s2011ru xx |||||||||||||| ||rus||
020 ## - INTERNATIONAL STANDARD BOOK NUMBER
International Standard Book Number 9789941172441
040 ## - CATALOGING SOURCE
Transcribing agency GE_BSU
041 ## - LANGUAGE CODE
Language code of text/sound track or separate title rus
080 ## - UNIVERSAL DECIMAL CLASSIFICATION NUMBER
Universal Decimal Classification number 81 А-95
100 ## - MAIN ENTRY--PERSONAL NAME
Personal name Ахвледиани, Мераб
9 (RLIN) 6815
245 ## - TITLE STATEMENT
Title Заимствование и адаптирование поэтической лексики(на материале русских поэтических произведении и переводов грузинской поэзии XX века) /
Statement of responsibility, etc. Мераб Ахвледиани,ред. Г.И. Цибахашвили
264 ## - PRODUCTION, PUBLICATION, DISTRIBUTION, MANUFACTURE, AND COPYRIGHT NOTICE
Place of production, publication, distribution, manufacture Тбилиси :
Name of producer, publisher, distributor, manufacturer Универсал,
Date of production, publication, distribution, manufacture, or copyright notice 2011.
300 ## - PHYSICAL DESCRIPTION
Extent 159 стр.:
Other physical details 20 см.
653 ## - INDEX TERM--UNCONTROLLED
keyword Заимствование и адаптирование поэтической лексики
653 ## - INDEX TERM--UNCONTROLLED
keyword პოეტური ლექსიკის სესხება და ადაპტაცია
700 ## - ADDED ENTRY--PERSONAL NAME
Personal name Цибахашвили, Г.И.
Relator term რედაქტორი
9 (RLIN) 15509
942 ## - ADDED ENTRY ELEMENTS (KOHA)
Koha item type წიგნი
Source of classification or shelving scheme
ეგზემპლარები
Withdrawn status Lost status Source of classification or shelving scheme Damaged status Not for loan Permanent Location Current Location Shelving location Date acquired Cost, normal purchase price Full call number Barcode Date last seen Copy number Price effective from Koha item type Public note
          ბათუმის შოთა რუსთაველის სახელმწიფო უნივერსიტეტის მთავარი ბიბლიოთეკა ბათუმის შოთა რუსთაველის სახელმწიფო უნივერსიტეტის მთავარი ბიბლიოთეკა წიგნსაცავი 2018-12-17 6.00 81 А-95 4515 2018-12-17 4515 2018-12-17 წიგნი 6.00